The 10 biggest cities in Greece by population (Metro) - Statistics

General Stats
  • This quiz has been taken 27 times
  • The average score is 6 of 10
Answer Stats
Population City % Correct
3,900,000 Athens
100%
1,000,000 Thessaloniki
100%
199,302 Heraklion
87%
215,922 Patras
73%
111,375 Chania
60%
164,093 Larissa
60%
129,737 Volos
53%
113,978 Ioannina
47%
109,255 Chalcis
20%
78,605 Trikala
20%
No matching quizzes found
Score Distribution
Percent of People with Each Score
Percentile by Number Answered
Your Score History
You have not taken this quiz